Statistics for Arkansas State Parks

Click here to take the quiz!

General Stats

  • This quiz has been taken 2 times
  • The average score is 9 of 52

Answer Stats

Answer% Correct
Petit Jean
100%
Cossatot River
50%
Daisy
50%
Degray lake
50%
Delta Heritage Trail
50%
Historic Washington
50%
Jacksonport
50%
Lake Dardanelle
50%
Lake Frierson
50%
Logoly
50%
Louisiana Purchase
50%
Mount Nebo
50%
Ozark Folk Center
50%
Pinnacle Mountain
50%
Queen Wilhelmina
50%
Woolly Hollow
50%
Arkansas Museum of Natural Resources
0%
Arkansas Post Museum
0%
Bull Shoals-White River
0%
Cane Creek
0%
Conway Cemetary
0%
Crater of Diamonds
0%
Crowley's Ridge
0%
Davidsonville
0%
Devil's Den
0%
Hampson Archeological Museum
0%
Herman Davis
0%
Hobbs
0%
Jenkin's Ferry Battleground
0%
Lake Catherine
0%
Lake Charles
0%
Lake Chicot
0%
Lake Fort Smith
0%
Lake Ouachita
0%
Lake Poinsett
0%
Lower White River Museum
0%
Mammoth Spring
0%
Mark's Mill Battleground
0%
Millwood
0%
Mississippi River
0%
Moro Bay
0%
Mount Magazine
0%
Parkin Archeological
0%
Plantation Agriculture Museum
0%
Poison Springs Battleground
0%
Powhatan
0%
Prarie Grove Battlefield
0%
South Arkansas Arboretum
0%
Toltec Mounds Archeological
0%
Village Creek
0%
White Oak Lake
0%
Withrow Springs
0%

Score Distribution

Percentile by Number Answered

Percent of People with Each Score

Your Score History

You have not taken this quiz